Le son / (Record no. 166749)

MARC details
000 -LEADER
campo de control de longitud fija 00713nam a22002175i 4500
001 - NÚMERO DE CONTROL
campo de control 166749
003 - IDENTIFICADOR DE NÚMERO DE CONTROL
campo de control ES-MaACL
005 - FECHA Y HORA DE LA ÚLTIMA TRANSACCIÓN
campo de control 20250927114717.0
008 - DATOS DE LONGITUD FIJA--INFORMACIÓN GENERAL
campo de control de longitud fija 000121s1869 fr a |||| | fre d
040 ## - FUENTE DE CATALOGACIÓN
Centro catalogador/agencia de origen M-RACE
Lengua de catalogación spa
Centro/agencia transcriptor M-RACE
Centro/agencia modificador CCPB | B
100 1# - ENTRADA PRINCIPAL--NOMBRE DE PERSONA
Nombre de persona Tyndall, John (
Fechas asociadas al nombre 1820-1893)
9 (RLIN) 133425
245 13 - MENCIÓN DEL TÍTULO
Título Le son /
Mención de responsabilidad, etc. par John Tyndall ; traduit de l'anglais par L'Abbe Moigno.
260 ## - PUBLICACIÓN, DISTRIBUCIÓN, ETC.
Lugar de publicación, distribución, etc. Paris :
Nombre del editor, distribuidor, etc. Gauthier-Villars, imprimeur-libraire,
Fecha de publicación, distribución, etc. 1869.
300 ## - DESCRIPCIÓN FÍSICA
Extensión XXVI, 381 p. :
Otras características físicas il. ;
Dimensiones 22 cm.
650 #4 - PUNTO DE ACCESO ADICIONAL DE MATERIA--TÉRMINO DE MATERIA
Término de materia o nombre geográfico como elemento de entrada Acústica.
9 (RLIN) 135495
650 #4 - PUNTO DE ACCESO ADICIONAL DE MATERIA--TÉRMINO DE MATERIA
Término de materia o nombre geográfico como elemento de entrada Sonido.
9 (RLIN) 136890
700 1# - ENTRADA AGREGADA--NOMBRE PERSONAL
Nombre de persona Moigno, François,
Fechas asociadas al nombre 1804-1884
9 (RLIN) 130010
852 ## - LOCALIZACIÓN
Ubicación ES-MaACL
Número de control de estantería B-1691
Nota libre -- Enc. hol.
Holdings
Estatus retirado Estado de pérdida Estado de daño No para préstamo Colección Biblioteca de origen Biblioteca actual Ubicación en estantería Fecha de adquisición Fuente de adquisición Total de préstamos Signatura topográfica completa Código de barras Visto por última vez Precio de reemplazo Tipo de ítem Koha
        Libros del s. XIX Biblioteca del Ateneo de Madrid Biblioteca del Ateneo de Madrid Sala Pardo Bazán 17/01/2008     B-1691 1174884 23/02/2023 23/02/2023 Libro impreso antiguo